00561nam a22001937a 4500003000500000005001700005008004100022010001000063011001000073035001000083040000900093082001500102110005300117245006600170260004200236300001900278500004100297650002900338CHAP20220329135206.0971013s r 00010 d a32385 a33357 a37472 cCHAP a636.3bM3Y aMassey University. Palmerston North, New Zealand aProceedings de producción lanar de la Universidad de Massey aMontevideo :bHemisferio Sur,c(s.a.) a327 p.b: ilus aInformación correspondiente a 196814aGanado lanarxCría de.